Programación en cobol estructurado / Lawrence R. Newcomer (Registro nro. 12188)
[ vista simple ]
| 000 -LÍDER | |
|---|---|
| fixed length control field | 00554nam a2200169 4500 |
| 008 - ELEMENTOS DE LONGITUD FIJA -- INFORMACIÓN GENERAL | |
| fixed length control field | 01991 0a 000 0MEX |
| 020 ## - NÚMERO INTERNACIONAL NORMALIZADO PARA LIBROS | |
| ISBN | 968-422-397-8 |
| 050 ## - SIGNATURA TOPOGRAFICA DE LA BIBLIOTECA DEL CONGRESO (LC) | |
| Número de Clasificación | QA76.73.C25 N537 1991 |
| 082 ## - NUMERO DE CLASIFICACION DECIMAL DEWEY | |
| Número de Clasificación | 001.642.4 N377p |
| 100 ## - ASIENTO PRINCIPAL--NOMBRE PERSONAL | |
| Nombre personal | Newcomer, Lawrence R. |
| 245 ## - TÍTULO | |
| Título | Programación en cobol estructurado / Lawrence R. Newcomer |
| 260 ## - PUBLICACIÓN, DISTRIBUCIÓN, ETC. (PIE DE IMPRENTA) | |
| Lugar de publicación, distribución, etc. | México : McGraw-Hill |
| 300 ## - DESCRIPCIÓN FÍSICA | |
| Extensión | 377 p. / 24 cm. |
| 500 ## - NOTA GENERAL | |
| Nota general | Incluye índice |
| 650 ## - ASIENTO SECUNDARIO DE MATERIA - TERMINO TEMÁTICO | |
| Término temático o nombre geográfico como elemento de entrada | 1.COBOL (LENGUAJE DE PROGRAMACIÓN PARA COMPUTADORA)-PROBLEMAS |
| 700 ## - ASIENTO SECUNDARIO - NOMBRE PERSONAL | |
| Nombre personal | Camaño Liceras, Alfonso, Tr. |
| No. biblioteca | No. biblioteca | Número de clasificación | Código de barras/Número de adquisición | Número de copia | Tipo de material |
|---|---|---|---|---|---|
| LUIS G. INCLAN | LUIS G. INCLAN | 001.642.4 N377p | 22407 | 11 | Libros |
| LUIS G. INCLAN | LUIS G. INCLAN | 001.642.4 N377p | 22409 | 13 | Libros |
| LUIS G. INCLAN | LUIS G. INCLAN | 001.642.4 N377p | 22410 | 14 | Libros |
| LUIS G. INCLAN | LUIS G. INCLAN | 001.642.4 N377p | 22411 | 15 | Libros |
| LUIS G. INCLAN | LUIS G. INCLAN | 001.642.4 N377p | 22413 | 17 | Libros |
| LUIS G. INCLAN | LUIS G. INCLAN | 001.642.4 N377p | 22414 | 18 | Libros |
| LUIS G. INCLAN | LUIS G. INCLAN | 001.642.4 N377p | 22416 | 20 | Libros |
| LUIS G. INCLAN | LUIS G. INCLAN | 001.642.4 N377p | 22417 | 21 | Libros |
| LUIS G. INCLAN | LUIS G. INCLAN | 001.642.4 N377p | 22420 | 24 | Libros |
| LUIS G. INCLAN | LUIS G. INCLAN | 001.642.4 N377p | 25822 | 27 | Libros |
| LUIS G. INCLAN | LUIS G. INCLAN | 001.642.4 N377p | 26787 | 30 | Libros |
| LUIS G. INCLAN | LUIS G. INCLAN | 001.642.4 N377p | 14758 | 3 | Libros |
| LUIS G. INCLAN | LUIS G. INCLAN | 001.642.4 N377p | 21184 | 8 | Libros |
| LUIS G. INCLAN | LUIS G. INCLAN | 001.642.4 N377p | 21185 | 9 | Libros |
| LUIS G. INCLAN | LUIS G. INCLAN | 001.642.4 N377p | 21186 | 10 | Libros |
| LUIS G. INCLAN | LUIS G. INCLAN | 001.642.4 N377p | 12099 | 28 | Libros |
